Französisch Vokabeln (Unité 5 et 6) - Statistiken

Allgemein
  • Dieses Quiz wurde 100 mal gespielt
  • Das Durchschnittsergebnis liegt bei 8 aus 22
Antwortstatistiken
Hint Antwort % Korrekt
es gibt il y a
80%
Lehrling apprenti/e
78%
Angestellte/r employé/e
78%
anstrengend fatigant/e
78%
hassen dètester
67%
in der Schule à l'école
64%
wiederholen répéter
55%
nett, freundlich gentil/le
53%
Schüler/in èléve
39%
noch, wieder encore
37%
was gibt es? Qu'est-ce qu'il y a?
29%
sehr gerne mögen adorer
27%
manchmal parfois
22%
Keine Ursache De rien
19%
bedauern regretter
18%
die Freizeit le temps libre
11%
blöd, albern bête
10%
Single sein être célibataire
8%
Ich bitte sie. Je vous en prie
8%
Was solls Tant pis.
2%
der Kindergarten, die Vorschule la maternelle
1%
im Erdgeschoss au rez-de-chausée
0%
Keine übereinstimmenden Quizze gefunden
Verteilung der Resultate
Anzahl Personen mit jedem Resultat
Perzentil nach korrekt beantworteten Fragen
Ihre Resultats-Entwicklung
Sie haben dieses Quiz noch nicht gespielt